... život s písmenkami /

Enregistré dans:
Détails bibliographiques
Auteur principal: Rosmány, Karol (Auteur)
Format: Livre
Langue:slovaque
Publié: Bratislava : Karol Rosmány, 2019
Édition:1. vydanie
Sujets:
Tags: Ajouter un tag
Pas de tags, Soyez le premier à ajouter un tag!

MARC

LEADER 00000nam a22000003a 4500
001 0077957
003 SK-STU
005 20191127105448.5
007 ta
008 191127s ----xo-----e------000-0-----d
040 |a STU  |b slo 
041 0 |a slo 
044 |a xo 
100 1 |a Rosmány, Karol  |4 aut 
245 1 0 |a ... život s písmenkami /  |c aut. Karol Rosmány 
250 |a 1. vydanie 
260 |a Bratislava :  |b Karol Rosmány,  |c 2019 
300 |a 418 s. 
650 0 7 |a typografia 
650 0 7 |a grafický dizajn 
650 0 7 |a obálka časopisu 
650 0 7 |a obálka knižná 
650 0 7 |a život a dielo 
996 |b 284AU08165  |c A* 11430/U  |l AAKNST  |s P  |a 0  |w 0077957_0001